[Event "FRM-chT qual Gr-A"]
[White "Minovski, Gjorgji"]
[Black "Dimitrovski, Josif"]
[Site "Ohrid"]
[Round "5.5"]
[Result "1/2-1/2"]
[Date "2020.08.23"]
[WhiteElo "1906"]
[BlackElo "2206"]
[PlyCount "42"]
[EventDate "2020.08.21"]
[EventType "team-tourn"]
[EventRounds "5"]
[EventCountry "MKD"]
[SourceTitle "CBM 198 Extra"]
[Source "ChessBase"]
[SourceDate "2020.11.30"]
[SourceVersion "1"]
[SourceVersionDate "2020.11.30"]
[SourceQuality "1"]
[WhiteTeam "Skopje MSK Centar"]
[BlackTeam "Bitola Stevo Patako"]
[WhiteTeamCountry "MKD"]
[BlackTeamCountry "MKD"]

1. e4 e6 2. d4 d5 3. e5 c5 4. Bb5+ Bd7 5. Bxd7+ Qxd7 6. c3 Qb5 7. Na3 Qa6 8. Nc2 Nc6 9. Bf4 b6 10. Qe2 Qxe2+ 11. Nxe2 h5 12. Rf1 Nh6 13. Ne3 cxd4 14. Nxd4 Nxd4 15. cxd4 g6 16. f3 Nf5 17. Nxf5 gxf5 18. Bd2 Rg8 19. Kf2 Be7 20. Rac1 Kd7 21. Rc2 Rac8 1/2-1/2

[Event "FRM-chT 23rd"]
[White "Petrov, Saravco"]
[Black "Dimitrovski, Josif"]
[Site "Struga"]
[Round "3.5"]
[Result "1/2-1/2"]
[Date "2014.07.16"]
[WhiteElo "2129"]
[BlackElo "2208"]
[PlyCount "30"]
[EventDate "2014.07.14"]
[EventType "team-tourn"]
[EventRounds "5"]
[EventCountry "MKD"]
[SourceTitle "CBM 161 Extra"]
[Source "ChessBase"]
[SourceDate "2014.08.29"]
[SourceVersion "1"]
[SourceVersionDate "2014.08.29"]
[SourceQuality "1"]
[WhiteTeam "Skopje Karposh"]
[BlackTeam "Bitola Stevo Patako"]
[WhiteTeamCountry "MKD"]
[BlackTeamCountry "MKD"]

1. e4 e6 2. d4 d5 3. Nc3 Nf6 4. Bg5 Be7 5. e5 Nfd7 6. Bxe7 Qxe7 7. Nb5 Qd8 8. c3 a6 9. Na3 c5 10. Nf3 cxd4 11. cxd4 Nc6 12. Be2 Qa5+ 13. Qd2 Qxd2+ 14. Kxd2 b6 15. Rhc1 Bb7 1/2-1/2

[Event "FRM-chT 23rd"]
[White "Dimitrovski, Josif"]
[Black "Koteski, Djorgji"]
[Site "Struga"]
[Round "2.5"]
[Result "1/2-1/2"]
[Date "2014.07.15"]
[WhiteElo "2208"]
[BlackElo "2231"]
[PlyCount "115"]
[EventDate "2014.07.14"]
[EventType "team-tourn"]
[EventRounds "5"]
[EventCountry "MKD"]
[SourceTitle "CBM 161 Extra"]
[Source "ChessBase"]
[SourceDate "2014.08.29"]
[SourceVersion "1"]
[SourceVersionDate "2014.08.29"]
[SourceQuality "1"]
[WhiteTeam "Bitola Stevo Patako"]
[BlackTeam "Prilep"]
[WhiteTeamCountry "MKD"]
[BlackTeamCountry "MKD"]

1. e4 e5 2. Nf3 Nc6 3. Bb5 a6 4. Ba4 Nf6 5. Nc3 b5 6. Bb3 Bc5 7. d3 h6 8. a4 b4 9. Nd5 d6 10. Be3 Bg4 11. Nxf6+ Qxf6 12. Bd5 Bd7 13. 0-0 Rd8 14. Bxc6 Bxc6 15. Bxc5 dxc5 16. Qe2 Bd7 17. Qe3 Qd6 18. Nd2 Be6 19. b3 0-0 20. f4 exf4 21. Qxf4 Qd4+ 22. Kh1 Qc3 23. Rac1 f5 24. Qe3 fxe4 25. Rxf8+ Rxf8 26. Nxe4 Qd4 27. Qxd4 cxd4 28. Kg1 Rf5 29. Rd1 Re5 30. Rd2 Kf8 31. Kf2 Ke7 32. Ng3 Bd5 33. Re2 Kd6 34. Rxe5 Kxe5 35. Ne2 h5 36. Ng1 c5 37. Nf3+ Kf5 38. Kg3 g5 39. h3 h4+ 40. Kf2 Bf7 41. g3 hxg3+ 42. Kxg3 Bh5 43. Kf2 Kf4 44. Ne1 Bd1 45. Ng2+ Kf5 46. Ne1 g4 47. h4 Kg6 48. a5 Kh5 49. Kg3 Kg6 50. Kf4 Kf6 51. Kg3 Ke5 52. Kf2 Kd5 53. Kg3 Ke5 54. Kf2 Kf4 55. Ng2+ Kf5 56. Ne1 Kg6 57. Kg2 Kh5 58. Kg3 1/2-1/2

[Event "FRM-chT"]
[White "Veleski, Robert"]
[Black "Dimitrovski, Josif"]
[Site "Struga"]
[Round "4"]
[Result "1/2-1/2"]
[Date "2007.07.26"]
[WhiteElo "2254"]
[BlackElo "2207"]
[PlyCount "112"]
[EventDate "2007.07.23"]
[EventType "team-tourn"]
[EventRounds "7"]
[EventCountry "MKD"]
[SourceTitle "CBM 119 Extra"]
[Source "ChessBase"]
[SourceDate "2007.09.04"]
[SourceVersion "1"]
[SourceVersionDate "2007.09.04"]
[SourceQuality "1"]

1. e4 e6 2. d4 d5 3. Nd2 dxe4 4. Nxe4 Nd7 5. Nf3 Be7 6. Bb5 a6 7. Ba4 Ngf6 8. Nxf6+ Bxf6 9. 0-0 0-0 10. c4 c6 11. Bc2 Re8 12. Qd3 g6 13. Rd1 b5 14. Bf4 Bb7 15. c5 Bg7 16. h4 Nf6 17. Ng5 Nd5 18. Bd6 Nb4 19. Qc3 Nxc2 20. Qxc2 Bf6 21. Qd2 h6 22. Ne4 Bg7 23. Bg3 Qd5 24. Nd6 Re7 25. a4 Rae8 26. Qe3 Kh7 27. Qf3 Qxf3 28. gxf3 Bc8 29. axb5 cxb5 30. b4 Rd7 31. Be5 f6 32. Bg3 e5 33. Nxc8 Rxc8 34. dxe5 Rxd1+ 35. Rxd1 fxe5 36. Rd7 Kg8 37. Ra7 Rc6 38. Rb7 Re6 39. f4 e4 40. f5 gxf5 41. Bd6 Bc3 42. c6 Rxd6 43. c7 Rc6 44. Rb8+ Kf7 45. c8Q Rxc8 46. Rxc8 Bxb4 47. Rc6 h5 48. Rxa6 Be7 49. Ra5 Bxh4 50. Rxb5 Kg6 51. Kg2 Kg5 52. Rb8 Kg4 53. Rb3 Bg5 54. f3+ exf3+ 55. Rxf3 Bf4 56. Rb3 h4 1/2-1/2

[Event "FRM-chT"]
[White "Sadiki, Nedzmedin"]
[Black "Dimitrovski, Josif"]
[Site "Struga"]
[Round "2"]
[Result "1/2-1/2"]
[Date "2007.07.24"]
[WhiteElo "2202"]
[BlackElo "2207"]
[PlyCount "126"]
[EventDate "2007.07.23"]
[EventType "team-tourn"]
[EventRounds "7"]
[EventCountry "MKD"]
[SourceTitle "CBM 119 Extra"]
[Source "ChessBase"]
[SourceDate "2007.09.04"]
[SourceVersion "1"]
[SourceVersionDate "2007.09.04"]
[SourceQuality "1"]

1. e4 e6 2. d4 d5 3. exd5 exd5 4. Bd3 Bd6 5. Nf3 Bg4 6. 0-0 Ne7 7. Bg5 f6 8. Bh4 Qd7 9. Bg3 Bxg3 10. fxg3 Nbc6 11. c3 0-0 12. Qc2 h6 13. Nbd2 Bf5 14. Nh4 Bxd3 15. Qxd3 a6 16. Rae1 Rae8 17. Re2 Nc8 18. Rfe1 Rxe2 19. Rxe2 Re8 20. Nb3 Rxe2 21. Qxe2 Qe7 22. Qxe7 N6xe7 23. Nc5 Nd6 24. Kf1 Kf7 25. Ke2 a5 26. Nf3 b6 27. Nd3 g5 28. g4 Nec8 29. Nd2 Ke6 30. a4 Ne7 31. Nf2 Ng6 32. g3 Nf8 33. b4 Nb7 34. Nb3 Kd6 35. Kd3 Ne6 36. bxa5 Nxa5 37. Nxa5 bxa5 38. c4 c5 39. cxd5 Kxd5 40. Ne4 cxd4 41. Nxf6+ Kc5 42. Ng8 Kb4 43. Nxh6 Kxa4 44. Nf5 Kb3 45. Nd6 a4 46. Nc4 a3 47. Nd2+ Kb4 48. Kc2 d3+ 49. Kb1 Nc5 50. Ka2 Na4 51. h4 Nc3+ 52. Ka1 Nd5 53. Ka2 Ka4 54. hxg5 Nb4+ 55. Kb1 a2+ 56. Kb2 Nc2 57. Kxa2 Ne3 58. g6 Nxg4 59. Ne4 Kb4 60. g7 Nh6 61. Kb2 Kc4 62. Nf6 Kd4 63. Kc1 Ke3 1/2-1/2

[Event "FRM-chT"]
[White "Dimitrovski, Josif"]
[Black "Stevchev, I."]
[Site "Struga"]
[Round "1"]
[Result "1/2-1/2"]
[Date "2005.08.29"]
[WhiteElo "2227"]
[BlackElo "2166"]
[PlyCount "67"]
[EventDate "2005.08.29"]
[EventType "team-tourn"]
[EventRounds "7"]
[EventCountry "MKD"]
[SourceTitle "CBM 108 Extra"]
[Source "ChessBase"]
[SourceDate "2005.11.04"]
[SourceVersion "1"]
[SourceVersionDate "2005.11.04"]
[SourceQuality "1"]

1. e4 e5 2. Nf3 Nf6 3. Nc3 Bb4 4. d3 d5 5. exd5 Nxd5 6. Bd2 Nc6 7. Be2 0-0 8. 0-0 Bf5 9. Re1 Nxc3 10. bxc3 Be7 11. Bf1 Bf6 12. h3 h6 13. g4 Bg6 14. Rb1 Rb8 15. Bg2 Re8 16. Nh2 Qd6 17. Nf1 b6 18. Ne3 e4 19. Nc4 Qc5 20. Be3 Qd5 21. Qd2 Rbd8 22. Bf4 Ne5 23. Nxe5 Bxe5 24. Bxe4 Bxe4 25. Rxe4 Bxf4 26. Rxf4 Qxa2 27. Qd1 Qd5 28. Rf5 Qc6 29. Qd2 Re6 30. Re1 Rde8 31. Rxe6 Rxe6 32. c4 Qe8 33. Qf4 c5 34. Rd5 1/2-1/2